[Event "Politiken zt"]
[Site "Munkebo"]
[Date "1998.09.15"]
[Round "2.6"]
[White "Wedberg, Tom Birger"]
[Black "Danielsen, Henrik"]
[Result "1-0"]
[WhiteElo "2475"]
[BlackElo "2510"]
[Annotator "Wedberg,T"]
[PlyCount "107"]
[EventDate "1998.09.10"]
[EventType "k.o."]
[EventRounds "5"]
[EventCountry "DEN"]
[SourceTitle "CBM 067"]
[Source "ChessBase"]
[SourceDate "1998.11.30"]
[SourceVersion "2"]
[SourceVersionDate "1998.11.01"]
[SourceQuality "1"]

{[%mdl 24576] This is in every way a terrible game. Since it threatens to
discredit me and my opponent for a long time, I have to offer some guiding
comments. First of all it's a 15 minutes game plus 10 seconds extra per move.
Secondly Danielsen just neded a draw to win the match. Thirdly it was played
as the fourth game between us that day.} 1. e4 {Hecht} e6 2. d4 d5 3. Nc3 dxe4
4. Nxe4 Bd7 5. Nf3 Bc6 6. Neg5 Bd6 7. Bd3 Nf6 8. O-O (8. Ne5 $1 O-O 9. O-O h6
10. Ngf3 Be4 11. Bxe4 Nxe4 12. Qe2 Nf6 13. c4 Re8 14. Bd2 c6 15. Bc3 $14 {
1-0 Sobjerg,E-Lauritzen,J/DEN-chB 1992/TD 92\08 (61)}) 8... h6 9. Nh3 Nbd7 10.
Re1 Bxf3 11. Qxf3 c6 12. Nf4 (12. Bf4 $5) 12... Qa5 13. c3 O-O-O 14. Ne2 $6 (
14. b4 Qc7 15. b5 $13 {1-0 Kolev,A-Lalic,S/Andorra 1993/TD 93\07 (41)}) 14...
Qc7 15. Bf4 Bxf4 16. Nxf4 Kb8 17. Bc4 e5 18. Ne2 (18. Nh5 $5) 18... exd4 19.
cxd4 Nb6 20. Bb3 Nbd5 21. Nc3 Rd7 {Black has a super-solid position - and a
couple of minutes better time. But White must win.} 22. Na4 $6 Re7 $2 (22...
Nb6 $11) 23. Rxe7 Qxe7 24. Qg3+ Ka8 25. Qxg7 $1 Rg8 26. Qxh6 Qe4 {Here I got
the feeling I was lost. It will be mate in a couple of moves, so I decided to
just postpone it for some moves and then resign.} 27. Bxd5 $4 (27. f3 $1 Qxd4+
(27... Qxf3 $2 28. Qf8+ $1 {I missed that one.} Rxf8 29. gxf3 $16) 28. Kh1 Qf2
29. Rg1 $14) 27... Nxd5 28. f3 Qxd4+ (28... Qxf3 $2 29. Qf8+ {still hadn't
seen it} Rxf8 30. gxf3 $16) 29. Kh1 Qxa4 {I was very happy that he had only
taken my N.} 30. Qh7 Rf8 31. Qg7 Qb4 32. a3 Qe7 33. Rg1 f5 $2 {With Q:s on
Black wins easily, since White cannot advance the P:s on the K-side.} 34. Qxe7
Nxe7 {Hecht: 'Daß Schwarz das Endspiel verliert, erscheint eher
unwahrscheinlich. Der Grund: ungenaues Spiel bei Schwarz, das keinen klaren
Plan erkennen läßt. '} 35. Re1 Nd5 36. g3 Kb8 37. Kg2 Kc7 38. h4 f4 $2 {
'?!' Hecht. Hecht: 'Spielt Weiß in die Hände'} (38... Kd7 $142 {Hecht} 39. g4
Re8 40. Rxe8 {sonst gewinnen die schwarzen Figuren erheblich an Aktivität.}
Kxe8 41. g5 (41. h5 Kf7 42. Kg3 Kf6 43. Kh4 fxg4 44. fxg4 Nf4 45. g5+ Kf5 $19)
(41. gxf5 Kf7 42. Kg3 Kf6 43. Kg4 Ne3+ 44. Kf4 Nc4 45. h5 Nxb2 46. h6 Nd3+ 47.
Ke4 Ne5 48. h7 Nf7 $19) 41... Nf4+ 42. Kf2 Ke7 43. Ke3 Nh5 44. Kd4 Kd6 {
und Schwarz spielt praktisch ein Bauernendspiel, das gewonnen sein muß.}) 39.
g4 Ne3+ 40. Kh3 {At this point White is playing seriously again. Black might
be winning, but the passed P:s are really dangerous now.} Kd6 {Hecht: 'Wie
schwierig die Situation angesichts der verbundenen weißen Freibauern ist, soll
die folgende beispielhafte Variante verdeutlichen. Sie basiert auf dem
sofortigen Vorgehen der schwarzen Damenflügelmehrheit und führt wenigstens zum
Remis. Wer findet einen überzeugenden Gewinnweg für Schwarz?'} (40... c5 {Hecht
} 41. h5 b5 42. Re2 c4 43. h6 Rh8 44. g5 a5 45. Kh4 b4 46. axb4 axb4 47. Kh5 c3
48. bxc3 bxc3 49. g6 Nf5 50. Kg5 Nxh6 51. g7 Rh7 52. Kg6 Rxg7+ 53. Kxg7 Nf5+
54. Kf6 Nd4 55. Ra2 Kd6 56. Kg5 $11) 41. Re2 c5 42. h5 Ke5 43. Kh4 Rg8 44. Rd2
Ke6 45. h6 b5 $2 (45... Nc4 $1 46. Re2+ Ne5 47. Kh5 Kf6 48. Rxe5 Kxe5 49. h7
Rh8 50. Kg6 Rd8 51. Kg7 $11) 46. Kh5 Nd5 47. Re2+ $1 Kf7 48. g5 Ne3 (48... Ne7
49. h7 Rh8 50. Rxe7+ Kxe7 51. Kh6 $18) 49. Rd2 {Hecht: '[#] Im Vergleich zu
der von mir angegebenen Variante hat Schwarz hier noch nicht einmal halbe
Arbeit geleistet. Dafür verlorene Königs- und Springerzüge'} Nf5 (49... Rb8
$142 {Hecht} 50. Rd7+ Kg8 51. Rxa7 b4 52. axb4 cxb4 53. g6 Rb5+ 54. Kh4 Nf5+
55. Kg5 Ne7+ 56. Kf6 Rb6+ 57. Kxe7 Rxg6 {Schwarz kämpft um das Überleben.}) 50.
Rd7+ Kf8 (50... Ke6 51. h7 Rh8 (51... Ng3+ {Hecht} 52. Kg4 {und der Springer
ist weg vom Fenster}) 52. Rxa7 $18) 51. h7 Rh8 52. g6 a5 53. Kg5 Ng7 54. Rf7+
1-0